000 00312nab a22001097u 4500
008 130520b1986 xxu||||| |||| 00| 0 spa d
041 _aspa
100 1 _aJohns, A. H.
_967370
245 0 0 _aReto del Islam al cristianismo
_cA. H. Johns
773 0 _tConcilium
_gV.1,1986,págs.27-38
_x0210-1041
_wRev134
942 _cAR
999 _c355196
_d355196